161. schôdza 3. júna ; 162. schôdza 6. júna

Bibliographic Details
Main Author: Kollárová, Zuzana (Author)
Format: Article
Language:Slovak
PhysicalDescription:Fotogr.
ISSN:1335-4701
Subjects:

MARC

LEADER 00000nab a2200000 a 4500
001 vtls000764288
003 SK-MaSNL
005 20260302153144.0
008 140301c2001 xo 0 slo
015 |a SNBRB2001/08-22714 
035 |a CLN000116075 
040 |a SNKBUCL  |b slo  |c SNKBUCL  |e AACR2 
041 0 |a slo 
044 |a xo  |c SK 
080 |a 328.1(437.6):061.3  |2 1997 
100 1 |a Kollárová, Zuzana  |4 aut  |9 10478 
214 1 1 |a Sto šesťdesiata prvá schôdza 3. júna 
214 1 1 |a Sto šesťdesiata druhá schôdza 6. júna 
245 1 0 |a 161. schôdza 3. júna ; 162. schôdza 6. júna  |c pripravila Zuzana Kollárová 
246 1 3 |a Sto šesťdesiata prvá schôdza 3. júna 
246 1 3 |a Sto šesťdesiata druhá schôdza 6. júna 
300 |b Fotogr. 
610 7 |a Slovensko  |b Vláda  |x zasadanie  |y 3.6.2001  |2 snkbucl  |9 847733 
655 7 |a články z novín a časopisov  |2 snkbucl  |9 267496 
773 0 |t Hospodárske noviny  |g Roč. 9, č. 110 (8.-10.6.2001), s. 6  |x 1335-4701 
850 |a Slovenská národná knižnica v Martine 
852 |a SNK  |b KIS3GCP 
958 |a SK 
992 |a RBX 
999 |c 1364580  |d 1366510